000 01263nam a22002658i 4500
001 991027022401107026
003 UkOxU
007 t|
008 240109s2024 enka 000|0|eng|d
020 _a9781838612238
_qhardback
_cĐ18.99
024 8 _aCIPO000055807
035 _a()9781838612238
035 _a(StEdALDL)1/4420265
040 _aStDuBDS
_beng
_cStDuBDS
_erda
_dUkOxU
041 _aEnglish
100 _aBateman, Kristen
_eauthor.
_924115
245 1 0 _aMaximalism
_c/ Kristen Bateman.
264 1 _aLondon :
_bOrange Hippo!,
_c2024.
300 _a160 pages :
_billustrations ;
_c21 cm.
490 0 _aInterior style
520 _aThe extrovert of interior design and the definition of 'more is more', maximalism is an exuberant celebration of pattern, colour and texture that deliberately clash. Its roots lie in 1930s Hollywood Regency style, Rococo and Neoclassicism, as well as Greek, Egyptian and Asian styles. With a historical overview of the decor, and illustrated with examples of notable interiors and key elements of lighting, furniture, colour palette, texture and textile, the book offers practical advice on how to recreate the look in your own home.
650 0 _aInterior decoration
_911802
653 _aMaximalism
942 _2lcc
999 _c4871
_d4871